| 000 | 00520nam a22001937a 4500 | ||
|---|---|---|---|
| 999 |
_c526520 _d526520 |
||
| 003 | NUST | ||
| 005 | 20190712111206.0 | ||
| 008 | 190712b ||||| |||| 00| 0 eng d | ||
| 038 | _aWaseem | ||
| 082 |
_a297.9922 _bASH |
||
| 100 |
_aNiaz, Ashfaq _917538 |
||
| 245 |
_aRoshan Minar / _cAshfaq Niaz |
||
| 260 |
_aSialkot : _bDarbar Cameety Publisher, _c2010. |
||
| 300 | _a224 p. : | ||
| 500 | _aHard cover. | ||
| 880 |
_6100-01\r _aاشفاق نیاز |
||
| 880 |
_6245-02\r _aروشن مینار / |
||
| 942 |
_2ddc _cBK |
||